Miscelánea (Record no. 130439)
[ view plain ]
| 000 -LEADER | |
|---|---|
| campo de control de longitud fija | 00773nam a2200205 i 4500 |
| 001 - NÚMERO DE CONTROL | |
| campo de control | 130439 |
| 003 - IDENTIFICADOR DE NÚMERO DE CONTROL | |
| campo de control | ES-MaACL |
| 005 - FECHA Y HORA DE LA ÚLTIMA TRANSACCIÓN | |
| campo de control | 20230906193737.0 |
| 007 - CAMPO FIJO DE DESCRIPCIÓN FÍSICA--INFORMACIÓN GENERAL | |
| campo de control de longitud fija | t| |
| 008 - DATOS DE LONGITUD FIJA--INFORMACIÓN GENERAL | |
| campo de control de longitud fija | 070730q19101919sp ||||1| spa d |
| 100 1# - ENTRADA PRINCIPAL--NOMBRE DE PERSONA | |
| Nombre de persona | Zapata, Luis. |
| 9 (RLIN) | 117989 |
| 245 10 - MENCIÓN DEL TÍTULO | |
| Título | Miscelánea |
| Resto del título | : silva de casos curiosos / |
| Mención de responsabilidad, etc. | por Luis Zapata de Chaves ; selección con semblaza y notas Antonio R. Rodríguez Moñino. |
| 260 ## - PUBLICACIÓN, DISTRIBUCIÓN, ETC. | |
| Lugar de publicación, distribución, etc. | Madrid : |
| Nombre del editor, distribuidor, etc. | Cia. Ibero-Americana de Publicaciones, |
| Fecha de publicación, distribución, etc. | [191-?] |
| 300 ## - DESCRIPCIÓN FÍSICA | |
| Extensión | 172 p. ; |
| Dimensiones | 19 cm. |
| 490 1# - MENCIÓN DE SERIE | |
| Mención de serie | Las cien mejores obras de la literatura española ; |
| Designación de volumen o secuencia | 94 |
| 700 1# - ENTRADA AGREGADA--NOMBRE PERSONAL | |
| Nombre de persona | Rodríguez-Moñino, Antonio. |
| 9 (RLIN) | 98681 |
| 830 0# - PUNTO DE ACCESO ADICIONAL DE SERIE-TÍTULO UNIFORME | |
| Título uniforme | Las cien mejores obras de la literatura española ; |
| Designación de volumen o secuencia | 94 |
| 9 (RLIN) | 181993 |
| 852 ## - LOCALIZACIÓN | |
| Ubicación | ES-MaACL |
| Número de control de estantería | A-7845 |
| Sublocalización o colección | R.97355 |
| Estatus retirado | Estado de pérdida | Estado de daño | No para préstamo | Biblioteca de origen | Biblioteca actual | Ubicación en estantería | Fecha de adquisición | Fuente de adquisición | Total de préstamos | Signatura topográfica completa | Código de barras | Visto por última vez | Precio de reemplazo | Tipo de ítem Koha |
|---|---|---|---|---|---|---|---|---|---|---|---|---|---|---|
| Biblioteca del Ateneo de Madrid | Biblioteca del Ateneo de Madrid | Sala Pecera Planta 1 | 17/01/2008 | A-7845 | 1135815 | 23/02/2023 | 23/02/2023 | Libro impreso |
